Cumul des lettres des pays du monde - Statistiques

Statistiques générales
  • Ce quiz a été pris 65 fois
    43 depuis la dernière actualisation
  • Le résultat moyen est 3 sur 22
Statistiques - réponses
Nombre Lettre % Correct
221 E
100%
202 A
94%
174 I
69%
144 N
31%
101 R
11%
96 O / U
9%
86 S
6%
2 X
3%
51 B / D
0%
40 C
0%
8 F
0%
47 G
0%
26 H
0%
7 J / W
0%
15 K
0%
73 L
0%
52 M
0%
29 P
0%
16 Q
0%
80 T
0%
20 V
0%
12 Y / Z
0%
Aucun quiz correspondant
Distribution des résultats
% des personnes avec chaque résultat
Percentile par nombre de réponses
Votre historique - résultats
Vous n’avez pas pris ce quiz depuis la dernière actualisation